000 00440nam a2200145Ia 4500
008 240729s9999 xx 000 0 und d
022 _a2333-3316
245 0 _aWeave: Journal of Library User Experience
260 _aUnited States
260 _bMichigan Publishing
650 _aBibliography. Library science. Information resources
856 _uhttps://doaj.org/toc/28826e88da8a4c428be3f6b0cc26fc87
942 _2ddc
942 _cDOAJEJ
999 _c68630
_d68630
945 _a1
_bMadushi Gamage
_c1
_dMadushi Gamage